000 00586nam a22002057a 4500
003 OSt
005 20160627150218.0
008 160627b xxu||||| |||| 00| 0 eng d
020 _a0942364406
040 _cDNLM
082 _aWA110 G75h 2001
100 _aGranich, Reuben; Mermin, Jothan
_99638
245 _aHIV Health & Your Community: a guide for action
260 _aUSA; Hesperian Foundation, 2001
300 _aix,245p; ill: 26cm
504 _aGlossary, references, & index included
650 _aHIV Health
_99639
650 _aCommunity Health
_92112
942 _2z
_cO_SHELF
999 _c4488
_d4488